The monster gang

Bibliographic Details
Main Author: Everett, Felicity
Corporate Author: Title
Format: Book
Published: London : Usborne Publishing , 2004
Series:Usborne young reading
Subjects:

MARC

LEADER 00000cam a2200000 7i4500
001 0000001628
005 20220105103923.0
008 070706
020 |a 0746048521 
090 0 0 |a JP   |b AD ENG 
100 1 |a Everett, Felicity 
245 1 4 |a The monster gang   |c Felicity Everett 
260 |a London :   |b Usborne Publishing ,   |c 2004 
440 0 |a Usborne young reading 
500 |a Children age 4-6 years old (yellow) 
650 0 |a Fairy tale 
650 0 |a Junior preschool   |x English   |x Languages 
710 0 |a Title 
999 |a 0000896212   |b Book   |c Children Collection   |e Cawangan Bandar Penawar 
999 |a 0000896214   |b Book   |c Children Collection   |e Cawangan Mersing 
999 |a 0000896215   |b Book   |c Children Collection   |e Cawangan Segamat 
999 |a 0000896222   |b Book   |c Children Collection   |e Cawangan Segamat 
999 |a 0000896223   |b Book   |c Children Collection   |e Cawangan Mersing 
999 |a 0000962452   |b Book   |c Children Collection   |e Cawangan Tmn. Ungku Tun Aminah 
999 |a 0000962453   |b Book   |c Children Collection   |e Perbadanan Perpustakaan Awam Johor 
999 |a 0000962454   |b Book   |c Children Collection   |e Perbadanan Perpustakaan Awam Johor 
999 |a 0000964880   |b Book   |c Children Collection   |e Cawangan Sri Merlong 
999 |a 0000964881   |b Book   |c Children Collection   |e Cawangan Tangkak 
999 |a 0000964882   |b Book   |c Children Collection   |e Perbadanan Perpustakaan Awam Johor 
999 |a 0001147263   |b Book   |c Children Collection   |e Cawangan Mersing